| 000 | 00823cam a2200253 i 4500 | ||
|---|---|---|---|
| 020 | _a9789251073971 | ||
| 020 | _a925107397X | ||
| 040 | _cCOO | ||
| 082 | 0 | 4 | _a363 OFF 2012 A079 Or. |
| 245 | 0 | 0 | _aSafety recommendations for decked fishing vessels of less than 12 metres in length and undecked fishing vessels. |
| 300 |
_ax pages, 254 pages : _billustrations (some color) ; _c30 cm |
||
| 500 | _a"IMO International Maritime Organization"--Cover. | ||
| 500 | _a"ILO"--Cover. | ||
| 650 | 0 | _aFishing boats | |
| 650 | 0 | _aFishing boats | |
| 650 | 0 | _aFisheries | |
| 650 | 0 | _aFisheries | |
| 650 | 0 | _aFishers | |
| 650 | 0 | _aShips | |
| 710 | 2 | _aFood and Agriculture Organization of the United Nations, | |
| 710 | 2 | _aInternational Maritime Organization, | |
| 710 | 2 | _aInternational Labour Organisation. | |
| 942 | _cEK | ||
| 999 |
_c15902 _d15902 |
||